A new beginning / (Record no. 133356)

MARC details
000 -LEADER
fixed length control field 00639nam a22002177a 4500
005 - DATE AND TIME OF LATEST TRANSACTION
control field 20170124110208.0
010 ## - LIBRARY OF CONGRESS CONTROL NUMBER
LC control number A-517471
020 ## - INTERNATIONAL STANDARD BOOK NUMBER
Terms of availability 10.00
035 ## - SYSTEM CONTROL NUMBER
System control number A-517471
037 ## - SOURCE OF ACQUISITION
Source of stock number/acquisition Cen Lib/Ret
040 ## - CATALOGING SOURCE
Original cataloging agency DPL
Language of cataloging EN
082 ## - DEWEY DECIMAL CLASSIFICATION NUMBER
Classification number 181.499
Item number CHI
100 ## - MAIN ENTRY--PERSONAL NAME
Personal name Chidananda, Swami
9 (RLIN) 37709
245 ## - TITLE STATEMENT
Title A new beginning /
Statement of responsibility, etc by Swami Chidananda
260 ## - PUBLICATION, DISTRIBUTION, ETC. (IMPRINT)
Place of publication, distribution, etc Shivanandanagar
Name of publisher, distributor, etc Divine Life Society
Date of publication, distribution, etc 1991
270 ## - ADDRESS
City Shivanandanagar
300 ## - PHYSICAL DESCRIPTION
Extent iii,66p.
Dimensions 20cm(Hb)
650 ## - SUBJECT ADDED ENTRY--TOPICAL TERM
Topical term or geographic name as entry element Divine Life Society (India) -- Spiritual life
9 (RLIN) 37710
650 ## - SUBJECT ADDED ENTRY--TOPICAL TERM
Topical term or geographic name as entry element Spiritual life -- Hinduism
9 (RLIN) 9884
942 ## - ADDED ENTRY ELEMENTS (KOHA)
Source of classification or shelving scheme Dewey Decimal Classification
Koha item type English Books
Classification part 181.499
Call number suffix CHI
Holdings
Withdrawn status Lost status Damaged status Not for loan Home library Current library Date acquired Source of acquisition Cost, normal purchase price Total Checkouts Full call number Barcode Date last seen Copy number Cost, replacement price Price effective from Koha item type Public note
Written off       Central Library Central Library 25/07/2015 Cen Lib/Ret 10.00   181.499 CHI A-517471 25/07/2015 1 10.00 25/07/2015 English Books W/d list no. 6801/15

© Delhi Public Library
Hit Counter
free hit counter